000 00962nam a2200217 i 4500
001 186092
003 ES-MaACL
005 20250927121604.0
008 160907s1936 fr |||| | fre d
100 1 _aBalzac, Honoré de,
_d1799-1850
_925139
245 1 3 _aLa comédie humaine.
_nVI,
_pÉtudes de moeurs. Scènes de la vie parisienne. 2 /
_cBalzac ; texte établi par Marcel Bouteron.
260 _a[Paris] :
_bÉd. de la Nouvelle Revue française,
_c1936.
300 _a1087 p. ;
_c18 cm.
490 1 _aBibliothèque de la Pléiade ;
_v35
505 8 _aContiene: Les secrets de la princesse de Cadignan ; Facino Cane ; Sarrasine ; Pierre Grassou ; La cousine Bette ; Le cousin Pons ; Un homme d'affaires ; Un prince de la bohème ; Gaudissart II ; Les employés
700 1 _aBouteron, Marcel,
_d1877-1962
_9160767
830 0 _aBibliothèque de la Pléiade ;
_v35
_9180233
852 _aES-MaACL
_jE-5151
942 _2udc
999 _c186092
_d186092